[Event "POLFINAL MISTRZOSTW POLSKI JUNIOROW 2019 - C15"]
[Site "Ustron"]
[Date "1899-12-30"]
[Round "5.19"]
[White "Sawicki, Wojciech"]
[Black "Labedz, Dawid"]
[Result "0-1"]
[WhiteTitle "II"]
[BlackTitle "II"]
[WhiteElo "1439"]
[BlackElo "1468"]

1. d4 Nf6 2. c4 c5 3. d5 b5 4. cxb5 a6 5. bxa6 Bxa6 6. g3 d6 7. Bg2 g6 8. Nf3 Bg7
9. O-O O-O 10. Re1 Ne4 11. Nfd2 Nxd2 12. Qxd2 Qb6 13. Nc3 Nd7 14. Qc2 Rfb8 15.
f4 c4+ 16. Kh1 Bb5 17. Bd2 Rb7 18. Rec1 Rc8 19. Bh3 Rcc7 20. Bxd7 Bxd7 21. Rab1
Qa5 22. e4 f5 23. a4 Qc5 24. Be1 fxe4 25. Nxe4 Qxd5 26. Rd1 Qc6 27. b3 Bf5 28.
Qxc4+ Qxc4 29. bxc4 Bxe4+ 30. Kg1 Rxb1 31. Rxb1 Bxb1 32. a5 Be4 33. a6 Bd4+ 34.
Kf1 Bd3+ 35. Kg2 Bxc4 36. Kf3 Bxa6 37. Ke4 Bg1 38. h3 Kf7 39. g4 Rc4+ 40. Kf3
Bh2 41. Kg2 Bxf4 42. Bg3 Bxg3 43. Kxg3 Kf6 44. h4 e5 45. Kf3 Rf4+ 46. Kg3 d5 47.
g5+ Kf5 48. Kh3 Rg4 49. h5 Rxg5 50. h6 Kf4 51. Kh2 Kf3 52. Kh1 Kf2 53. Kh2 Rh5#
0-1

[Event "POLFINAL MISTRZOSTW POLSKI JUNIOROW 2019 - C15"]
[Site "Ustron"]
[Date "1899-12-30"]
[Round "5.20"]
[White "Mocko, Maciej"]
[Black "Wleklik, Mateusz"]
[Result "1/2-1/2"]
[WhiteTitle "II"]
[BlackTitle "II"]
[WhiteElo "1459"]
[BlackElo "1259"]

1. e4 c5 2. Nc3 d6 3. f4 Nc6 4. Nf3 g6 5. Bc4 Bg7 6. O-O Nf6 7. d3 e6 8. Qe1 O-O
9. e5 dxe5 10. fxe5 Nd7 11. Bg5 Qc7 12. Nb5 Qb8 13. Qh4 Ndxe5 14. Bh6 Nxf3+ 15.
Rxf3 Bxh6 16. Qxh6 Qe5 17. Raf1 Qg7 18. Qxg7+ Kxg7 19. Nd6 Ne5 20. Rf6 b6 21.
c3 Kg8 22. Bb3 Ba6 23. Nxf7 Bxd3 24. Nxe5 Bxf1 25. Rxf1 Rxf1+ 26. Kxf1 Kg7 27.
Ke2 Kf6 28. Nf3 Rd8 29. Ke3 g5 30. Nd2 h6 31. g4 Rd7 32. Ne4+ Ke5 33. Ng3 Rd8
34. a4 a5 35. Ne4 Rc8 36. Nd2 Rc7 37. Bc4 Rc8 38. Bb5 Rb8 39. Nc4+ Kd5 40. Ba6
e5 41. Nd2 Rd8 42. Bc4+ Kc6 43. Bb5+ Kd5 44. Nc4 Rb8 45. Ba6 Ke6 46. Nd2 Kd5 47.
Bc4+ Kc6 48. Nf3 Kd6 49. Ke4 Rf8 50. b3 Rf4+ 51. Ke3 Rxg4 52. Be2 Rf4 53. h3 1/2-1/2

[Event "POLFINAL MISTRZOSTW POLSKI JUNIOROW 2019 - C15"]
[Site "Ustron"]
[Date "1899-12-30"]
[Round "5.22"]
[White "Zakrzewicz, Kacper"]
[Black "Komisarski, Jerzy"]
[Result "1/2-1/2"]
[WhiteTitle "II"]
[BlackTitle "II"]
[WhiteElo "1394"]
[BlackElo "1251"]

1. e4 e6 2. d4 d5 3. exd5 exd5 4. Bd3 Nf6 5. Nf3 Bd6 6. O-O O-O 7. c3 c6 8. Bg5
Bg4 9. h3 Bxf3 10. Qxf3 Nbd7 11. Nd2 h6 12. Bh4 Qc7 13. Rfe1 Rfe8 14. Bxf6 Nxf6
15. a3 Rxe1+ 16. Rxe1 Re8 17. Rxe8+ Nxe8 18. b4 Qe7 19. Qe2 Qxe2 20. Bxe2 a5 21.
Nb3 axb4 22. axb4 Be7 23. f3 f6 24. Kf2 Kf7 25. Bd3 Nd6 26. Nc5 Nb5 27. Bxb5 Bxc5
28. Bd3 Bd6 29. g4 g5 30. Bf5 b6 31. Ke3 1/2-1/2

[Event "POLFINAL MISTRZOSTW POLSKI JUNIOROW 2019 - C15"]
[Site "Ustron"]
[Date "1899-12-30"]
[Round "6.1"]
[White "Topola, Rafal"]
[Black "Majewski, Krzysztof"]
[Result "1/2-1/2"]
[WhiteTitle "I"]
[BlackTitle "I"]
[WhiteElo "1659"]
[BlackElo "1800"]

1. e4 e6 2. d4 d5 3. exd5 exd5 4. Nf3 Nf6 5. c4 Nc6 6. Nc3 Be7 7. Be2 O-O 8. O-O
Bg4 9. cxd5 Nxd5 10. h3 Bh5 11. Nxd5 Qxd5 12. Bf4 Bd6 13. Bxd6 Qxd6 14. g4 Bg6
15. Qb3 Rab8 16. Rfd1 Kh8 17. Qc3 Ne7 18. Ne5 Nd5 19. Qc5 Rbd8 20. Qxd6 Rxd6 21.
Bf3 c6 22. Rac1 Nb6 23. d5 cxd5 24. Rc7 f6 25. Nxg6+ hxg6 26. Rxb7 a5 27. Rc7
Rfd8 28. Rc5 a4 29. b4 axb3 30. axb3 f5 31. b4 Kg8 1/2-1/2

[Event "POLFINAL MISTRZOSTW POLSKI JUNIOROW 2019 - C15"]
[Site "Ustron"]
[Date "1899-12-30"]
[Round "6.2"]
[White "Wasik, Mateusz"]
[Black "Haliniak, Wojciech"]
[Result "1-0"]
[WhiteTitle "I"]
[BlackTitle "I"]
[WhiteElo "1696"]
[BlackElo "1756"]

1. e4 Nf6 2. e5 Nd5 3. d4 d6 4. Nf3 Bg4 5. Be2 e6 6. c4 Nb6 7. exd6 cxd6 8. O-O
Be7 9. Nc3 O-O 10. b3 Nc6 11. Be3 d5 12. c5 Nc8 13. h3 Bxf3 14. Bxf3 Bf6 15. Rb1
N8e7 16. g4 Ng6 17. b4 Bg5 18. Qd2 h6 19. Bg2 f5 20. f4 Be7 21. Ne2 Nh4 22. Bh1
Qe8 23. b5 Nb8 24. Ng3 a6 25. bxa6 bxa6 26. Rb7 Nc6 27. Rfb1 Bd8 28. Qe2 Na5 29.
Rb8 Rxb8 30. Rxb8 Qc6 31. gxf5 Qc7 32. Rb6 Nxf5 33. Nxf5 Rxf5 34. Rxe6 Nc4 35.
Bxd5 Rxd5 36. Qxc4 1-0

[Event "POLFINAL MISTRZOSTW POLSKI JUNIOROW 2019 - C15"]
[Site "Ustron"]
[Date "1899-12-30"]
[Round "6.3"]
[White "Dalkowski, Rafal"]
[Black "Gradalski, Olaf"]
[Result "1-0"]
[WhiteTitle "II+"]
[BlackTitle "II"]
[WhiteElo "1787"]
[BlackElo "1542"]

1. d4 Nf6 2. c4 c5 3. d5 e6 4. Nc3 exd5 5. cxd5 d6 6. e4 g6 7. Bd3 Bg7 8. Nge2
O-O 9. O-O a6 10. a4 Re8 11. Kh1 Nbd7 12. Ng3 Qc7 13. Be3 Rb8 14. Qb3 Ng4 15.
Rae1 Nge5 16. Be2 c4 17. Qa2 Nc5 18. Bxc4 Ncd3 19. Bxd3 Nxd3 20. Rd1 Nxb2 21.
Qxb2 Qxc3 22. Qb6 Qe5 23. Rc1 Bd7 24. a5 h5 25. f3 h4 26. Ne2 Bb5 27. Rfe1 h3
28. gxh3 Bxe2 29. Rxe2 Qh5 30. Rf2 Qe5 31. Rc4 Qa1+ 32. Kg2 Qa3 33. Bf4 Be5 34.
Bg3 Qd3 35. Rc7 Qa3 36. h4 Qa1 37. Rxb7 Rxb7 38. Qxb7 Qxa5 39. Qc6 Rd8 40. Bxe5
dxe5 41. h5 gxh5 42. Kh3 Qa3 43. Qh6 Rd6 44. Rg2+ Rg6 45. Rxg6+ fxg6 46. Qxg6+
Kf8 47. Qf6+ Kg8 48. d6 Qd3 49. Qg6+ Kf8 50. Qf5+ Kg8 51. d7 Qf1+ 52. Kh4 Qf2+
53. Kxh5 Qxh2+ 54. Kg6 Qh7+ 55. Kf6 Qg7+ 56. Ke6 Qh6+ 57. Kxe5 Qh2+ 58. Ke6 Qa2+
59. Qd5 1-0

[Event "POLFINAL MISTRZOSTW POLSKI JUNIOROW 2019 - C15"]
[Site "Ustron"]
[Date "1899-12-30"]
[Round "6.4"]
[White "Strepikowski, Pawel"]
[Black "Jedrusik, Adam"]
[Result "1/2-1/2"]
[WhiteTitle "I"]
[BlackTitle "I"]
[WhiteElo "1649"]
[BlackElo "1743"]

1. e4 c6 2. d4 d5 3. f3 dxe4 4. fxe4 e5 5. Nf3 Bg4 6. Bc4 Nf6 7. Bxf7+ Ke7 8. Bb3
Bxf3 9. Qxf3 Qxd4 10. Nc3 Nbd7 11. Be3 Qb4 12. g4 h6 13. h4 Kd8 14. O-O-O Kc7
15. g5 hxg5 16. hxg5 Rxh1 17. Qxh1 Ne8 18. Rf1 Bc5 19. Bd2 Qd4 20. Ne2 Qd6 21.
Rf7 Rd8 22. Bc3 Kb8 23. Rf1 Be3+ 24. Kb1 Nc5 25. Bb4 Nc7 26. Nc3 N7a6 27. Bxc5
Nxc5 28. Qh5 Qe7 29. g6 Qg5 30. Qxg5 Bxg5 31. Bc4 Bf6 1/2-1/2

[Event "POLFINAL MISTRZOSTW POLSKI JUNIOROW 2019 - C15"]
[Site "Ustron"]
[Date "1899-12-30"]
[Round "6.5"]
[White "Kossowski, Pawel"]
[Black "Kietrys, Maciej"]
[Result "1-0"]
[WhiteTitle "II+"]
[BlackTitle "I"]
[WhiteElo "1541"]
[BlackElo "1656"]

1. e4 d6 2. d4 Nf6 3. Nc3 g6 4. f4 Bg7 5. Nf3 O-O 6. Bd3 Bg4 7. Be3 Nbd7 8. e5
Ne8 9. h3 Bxf3 10. Qxf3 e6 11. O-O-O a6 12. Qxb7 Rb8 13. Qf3 c5 14. dxc5 Nxc5
15. Bxc5 dxc5 16. Qc6 Qa5 17. Qxa6 Qb4 18. Qc4 Qxb2+ 19. Kd2 Qa3 20. Qa4 Qxa4
21. Nxa4 c4 22. Be4 Nc7 23. Rb1 Rfd8+ 24. Ke3 Bf8 25. Rxb8 Rxb8 26. Kd4 Na6 27.
c3 Rd8+ 28. Kxc4 Rc8+ 29. Kd3 Rd8+ 30. Kc2 Rc8 31. Bb7 Nb4+ 32. Kb3 Rb8 33. cxb4
Rxb7 34. a3 Rd7 35. Rc1 Rd4 36. g3 h5 37. h4 Kg7 38. Nc5 Rd5 39. a4 Be7 40. Rc3
Rd8 41. Kc4 Rc8 42. a5 Kf8 43. a6 Ke8 44. Ra3 Bxc5 45. bxc5 Kd7 46. a7 Ra8 47.
Kb5 Kc7 48. c6 Kd8 49. Kb6 Kc8 50. Rd3 1-0

[Event "POLFINAL MISTRZOSTW POLSKI JUNIOROW 2019 - C15"]
[Site "Ustron"]
[Date "1899-12-30"]
[Round "6.6"]
[White "Kotula, Pawel"]
[Black "Jozefczyk, Szymon"]
[Result "1-0"]
[WhiteTitle "I"]
[BlackTitle "II"]
[WhiteElo "1619"]
[BlackElo "1616"]

1. d4 d6 2. c4 c5 3. d5 b5 4. cxb5 a6 5. e4 Nf6 6. f3 Nbd7 7. Nc3 g6 8. Bd3 Bg7
9. Nge2 O-O 10. O-O Ne8 11. f4 Qb6 12. Be3 Nc7 13. a4 Qb8 14. Rb1 axb5 15. Nxb5
Nxb5 16. Bxb5 Nb6 17. b4 Qa7 18. bxc5 Nxa4 19. Bc6 Nb2 20. Qc1 Nd3 21. Qd2 Nxc5
22. Bxa8 Qxa8 23. Bxc5 dxc5 24. Rfc1 Ba6 25. e5 Bxe2 26. Qxe2 Qxd5 27. Qc4 Qd2
28. Qe4 Bh6 29. g3 g5 30. f5 Qd4+ 31. Qxd4 cxd4 32. g4 Bg7 33. Rb5 Rd8 34. Rd1
e6 35. Kf2 h6 36. Kf3 Rd5 37. Rxd5 exd5 38. f6 1-0

[Event "POLFINAL MISTRZOSTW POLSKI JUNIOROW 2019 - C15"]
[Site "Ustron"]
[Date "1899-12-30"]
[Round "6.7"]
[White "Zielinski, Sebastian"]
[Black "Budzisz, Adrian"]
[Result "0-1"]
[WhiteTitle "II+"]
[BlackTitle "I"]
[WhiteElo "1517"]
[BlackElo "1842"]

1. e4 c5 2. Nf3 e6 3. c3 Nf6 4. e5 Nd5 5. d4 cxd4 6. cxd4 d6 7. Bc4 Be7 8. O-O
O-O 9. Nc3 dxe5 10. Nxe5 Nc6 11. Nxd5 exd5 12. Nxc6 bxc6 13. Bd3 h6 14. Be3 Bb7
15. Re1 Bd6 16. Rc1 Qf6 17. Bc2 Rfe8 18. Qd3 g6 19. g3 h5 20. Qd2 c5 21. Ba4 Re4
22. dxc5 Rxa4 23. cxd6 d4 24. Bf4 Qf5 25. Re7 Bf3 26. Qe1 d3 27. d7 Kh7 28. Re8
Qxd7 29. Re7 Qf5 30. Rcc7 Rxf4 31. Rxf7+ Qxf7 32. Rxf7+ Rxf7 33. Qe3 Rd8 34. b4
d2 0-1

[Event "POLFINAL MISTRZOSTW POLSKI JUNIOROW 2019 - C15"]
[Site "Ustron"]
[Date "1899-12-30"]
[Round "6.8"]
[White "Pieczulis, Blazej"]
[Black "Skawinski, Szymon"]
[Result "1/2-1/2"]
[WhiteTitle "I"]
[BlackTitle "I"]
[WhiteElo "1443"]
[BlackElo "1715"]

1. e4 e5 2. Nf3 Nc6 3. Bc4 Bc5 4. b4 Bxb4 5. c3 Ba5 6. d4 d6 7. Qb3 Qd7 8. O-O
a6 9. dxe5 Bb6 10. Bd5 Na5 11. Qb2 Ne7 12. exd6 Nxd5 13. exd5 O-O 14. Bf4 f6 15.
Nbd2 Ba7 16. Qb4 b6 17. c4 c5 18. Qc3 Nb7 19. Ne4 b5 20. Rfe1 Qf5 21. Bg3 Bd7
22. Re2 Rfe8 23. Rae1 Bb6 24. Ned2 Ba5 25. Rxe8+ Rxe8 26. Rxe8+ Bxe8 27. Qe3 Qd7
28. Ne4 Bb6 29. Qc3 Qd8 30. a3 Ba5 1/2-1/2

[Event "POLFINAL MISTRZOSTW POLSKI JUNIOROW 2019 - C15"]
[Site "Ustron"]
[Date "1899-12-30"]
[Round "6.9"]
[White "Gardian, Adam"]
[Black "Krasniewski, Szymon"]
[Result "1-0"]
[WhiteTitle "I"]
[BlackTitle "I"]
[WhiteElo "1835"]
[BlackElo "1662"]

1. d4 Nf6 2. Nf3 d6 3. c4 g6 4. Nc3 Bg7 5. Bg5 O-O 6. e3 h6 7. Bh4 c5 8. Be2 cxd4
9. exd4 Bf5 10. O-O Qd7 11. Rc1 g5 12. Bg3 Nh5 13. Re1 Nxg3 14. hxg3 Nc6 15. d5
Ne5 16. Nxe5 Bxe5 17. Bd3 Rac8 18. b3 Bg4 19. f3 Bxg3 20. fxg4 Bxe1 21. Qxe1 Qxg4
22. Qe3 f5 23. Rf1 Kg7 24. Ne2 Rce8 25. Nd4 Rf6 26. Bxf5 Qh5 27. Re1 Qh4 28. g3
Qh5 29. Bd7 Ref8 30. Ne6+ Rxe6 31. Qxe6 Qf3 32. Qe3 Qh5 33. Qxe7+ Rf7 34. Be8
1-0

[Event "POLFINAL MISTRZOSTW POLSKI JUNIOROW 2019 - C15"]
[Site "Ustron"]
[Date "1899-12-30"]
[Round "6.10"]
[White "Celebias, Filip"]
[Black "Owoc, Jakub"]
[Result "1-0"]
[WhiteTitle "II"]
[BlackTitle "I"]
[WhiteElo "1470"]
[BlackElo "1668"]

1. e4 c5 2. b3 g6 3. Bb2 Nf6 4. e5 Nd5 5. e6 Nf6 6. exf7+ Kxf7 7. g3 Bg7 8. Bg2
d5 9. Ne2 b6 10. O-O Re8 11. d3 Bb7 12. Nd2 Nc6 13. c3 Qd6 14. d4 e5 15. dxe5
Nxe5 16. Nf3 Ba6 17. c4 Nxf3+ 18. Bxf3 Ne4 19. Bxg7 Kxg7 20. Nf4 d4 21. Qd3 Bb7
22. Rfe1 Qc6 23. Re2 g5 24. Nh5+ Kh6 25. Rae1 Qg6 26. Bxe4 Bxe4 27. Rxe4 Rxe4
28. Rxe4 Kxh5 29. Qe2+ Kh6 30. Re6 Rd8 31. Rxg6+ hxg6 32. Qe7 Rg8 33. Qxa7 Kh5
34. Qh7+ Kg4 35. Qxg8 Kf3 36. Qe8 Kg4 37. Qxg6 Kf3 38. Kf1 Kg4 39. Kg2 d3 40.
f3# 1-0

[Event "POLFINAL MISTRZOSTW POLSKI JUNIOROW 2019 - C15"]
[Site "Ustron"]
[Date "1899-12-30"]
[Round "6.11"]
[White "Wieczorek, Karol"]
[Black "Lenart, Jakub"]
[Result "1/2-1/2"]
[WhiteTitle "I"]
[BlackTitle "I"]
[WhiteElo "1549"]
[BlackElo "1629"]

1. d4 Nf6 2. c4 e6 3. Nc3 Bb4 4. e3 b6 5. Nge2 Ne4 6. a3 Nxc3 7. Nxc3 Be7 8. Bd3
Bb7 9. O-O O-O 10. d5 f5 11. e4 Bf6 12. exf5 exf5 13. Qc2 g6 14. Bf4 d6 15. Rfe1
Nd7 16. Bh6 Rf7 17. Re2 Ne5 18. Rae1 Qd7 19. Bf4 Re7 20. b4 Ba6 21. b5 Bb7 22.
Bg3 Rae8 23. f4 Ng4 24. Rxe7 Rxe7 25. Rxe7 Qxe7 26. Qe2 Bd4+ 27. Kh1 Kf7 28. Qxe7+
Kxe7 29. Nd1 a5 30. a4 Bc8 31. h3 Nf6 32. Bh4 Bd7 33. g3 Kf7 34. Bxf6 Kxf6 35.
Kg2 h6 36. Kf3 g5 37. Ne3 Bxe3 38. Kxe3 Be8 39. Be2 Bf7 40. Bd1 Bg8 41. Be2 Bh7
42. Bd1 Bg6 43. Be2 Be8 44. Bd1 Kg6 45. Be2 h5 46. fxg5 Kxg5 47. h4+ Kf6 48. Kf4
Bf7 49. Bd3 Bg6 50. Bc2 Bh7 51. Bd3 Bg6 52. Bc2 Bh7 53. Bd1 Bg6 54. Bc2 Bh7 55.
Bd3 Bg6 1/2-1/2

[Event "POLFINAL MISTRZOSTW POLSKI JUNIOROW 2019 - C15"]
[Site "Ustron"]
[Date "1899-12-30"]
[Round "6.12"]
[White "Labedz, Dawid"]
[Black "Kosior, Jan"]
[Result "1/2-1/2"]
[WhiteTitle "II"]
[BlackTitle "II"]
[WhiteElo "1468"]
[BlackElo "1565"]

1. e4 c5 2. Nf3 d6 3. d4 cxd4 4. Nxd4 Nf6 5. Nc3 a6 6. Bg5 e5 7. Nde2 Be7 8. Bxf6
Bxf6 9. Nd5 Nd7 10. a4 Nb6 11. Nec3 Nxd5 12. Nxd5 b6 13. Bc4 Bb7 14. O-O O-O 15.
Qd3 Bxd5 16. Qxd5 Qc7 17. c3 Qc5 18. Rfd1 Qxd5 19. Rxd5 Be7 20. g3 g6 21. f4 exf4
22. gxf4 Kg7 23. Kf2 Rfc8 24. Be2 Rc5 25. Rad1 Ra7 26. R1d4 Rcc7 27. Rc4 Rc5 28.
Rb4 Rc6 29. Ke3 h6 30. Rb3 Bf6 31. c4 g5 1/2-1/2

[Event "POLFINAL MISTRZOSTW POLSKI JUNIOROW 2019 - C15"]
[Site "Ustron"]
[Date "1899-12-30"]
[Round "6.13"]
[White "Nowak, Maciej"]
[Black "Kopczynski, Alan"]
[Result "1-0"]
[WhiteTitle "II"]
[BlackTitle "II+"]
[WhiteElo "1564"]
[BlackElo "1501"]

1. d4 Nf6 2. c4 e6 3. Nc3 Bb4 4. e3 O-O 5. Bd3 d5 6. c5 b6 7. cxb6 axb6 8. Nge2
c5 9. O-O Bb7 10. Bd2 Nbd7 11. a3 Bxc3 12. Bxc3 Qe7 13. b3 e5 14. Re1 e4 15. Bb5
Rfd8 16. Nf4 Nf8 17. Qe2 Ne6 18. Nxe6 Qxe6 19. a4 Rdc8 20. a5 cxd4 21. Bxd4 bxa5
22. Qd2 Nd7 23. Rxa5 Nc5 24. Bxc5 Rxc5 25. Rxa8+ Bxa8 26. Qa5 Qc8 27. Bd7 Rxa5
28. Bxc8 Rb5 29. Rb1 Kf8 30. Bd7 Rb6 31. Kf1 Ke7 32. Ba4 Kd6 33. Ke2 Bb7 34. Rc1
f5 35. h4 Ba6+ 36. Kd2 Bb7 37. Kc3 Kc5 38. Rb1 Rb4 39. g3 Rb6 40. b4+ Kd6 41.
b5 Kc5 42. Rc1 Rd6 43. Kb3+ Kb6 44. Rd1 Kc5 45. Kc3 Rd8 46. Rb1 Rd6 47. Kb3 Rd8
48. Rc1+ Kb6 49. Kb4 Rd6 50. Rd1 Rd8 51. Kb3 Rc8 52. Ka2 Rc5 53. Rb1 Ka5 54. Ka3
Rc3+ 55. Rb3 Rc1 56. Kb2 Rf1 57. Ra3 Rxf2+ 58. Kc3 Re2 59. Bd1+ 1-0

[Event "POLFINAL MISTRZOSTW POLSKI JUNIOROW 2019 - C15"]
[Site "Ustron"]
[Date "1899-12-30"]
[Round "6.14"]
[White "Jedrzejczak, Michal"]
[Black "Czarniecki, Pawel"]
[Result "0-1"]
[WhiteTitle "II"]
[BlackTitle "II+"]
[WhiteElo "1434"]
[BlackElo "1561"]

1. d4 Nf6 2. c4 e6 3. Nc3 Bb4 4. a3 Bxc3+ 5. bxc3 c5 6. Qc2 Nc6 7. Nf3 O-O 8. Bg5
cxd4 9. cxd4 Re8 10. Bxf6 Qxf6 11. e3 d5 12. Bd3 h6 13. O-O Bd7 14. cxd5 exd5
15. Bb5 Rac8 16. Qb3 Qd6 17. Bxc6 bxc6 18. Rfc1 f6 19. Rc5 Rb8 20. Qc2 Rb6 21.
Nd2 Reb8 22. Rb1 Rxb1+ 23. Nxb1 Rb6 24. a4 Qb8 25. Nc3 Rb2 26. Qd3 Qb3 27. h3
Qa3 28. Qd1 Rb3 29. Qe1 Qb4 30. Qc1 Kf7 31. f4 g5 32. fxg5 hxg5 33. Kf2 Rb2+ 34.
Kf3 f5 35. Qf1 Kg7 36. Qa6 g4+ 37. hxg4 fxg4+ 38. Kg3 Qb8+ 39. Kh4 Qh2+ 40. Kg5
Qh6# 0-1

[Event "POLFINAL MISTRZOSTW POLSKI JUNIOROW 2019 - C15"]
[Site "Ustron"]
[Date "1899-12-30"]
[Round "6.15"]
[White "Werner, Kacper"]
[Black "Malik, Maciej"]
[Result "1-0"]
[WhiteTitle "II"]
[BlackTitle "I"]
[WhiteElo "1573"]
[BlackElo "1522"]

1. e4 d6 2. d4 Nf6 3. Nc3 g6 4. Nf3 c6 5. Be2 Bg7 6. O-O O-O 7. Bf4 b5 8. e5 Ne8
9. Qd2 Bg4 10. Rad1 d5 11. h3 Bd7 12. Bd3 Nc7 13. Ne2 Qc8 14. Bg3 Ne6 15. Nh2
f5 16. f4 Nd8 17. Bh4 Re8 18. Kh1 Nb7 19. Rg1 e6 20. g4 a6 21. Bf2 Qc7 22. h4
c5 23. c3 c4 24. Bc2 Nc6 25. Rg2 Rf8 26. Rdg1 Ne7 27. h5 Be8 28. Qe3 Nd8 29. Qh3
Ndc6 30. Nf3 Qd7 31. Rh2 fxg4 32. Qxg4 Nf5 33. hxg6 Bxg6 34. Ng5 Nh6 35. Rxh6
Bxh6 36. Nxe6 Kh8 37. Nxf8 Qxg4 38. Nxg6+ hxg6 39. Rxg4 Ne7 40. Bxg6 Rf8 41. f5
Nxf5 42. Bxf5 Rxf5 43. Kg2 a5 44. Bh4 b4 45. e6 Bf8 46. e7 Bxe7 47. Bxe7 Rf7 48.
Bc5 bxc3 49. bxc3 Rb7 50. a3 Rb2 51. Kf3 Rb1 52. Rg5 Rf1+ 53. Ke3 Rh1 54. Rxd5
Rh3+ 55. Kd2 Rd3+ 56. Ke1 Rh3 57. Bd6 Rh1+ 58. Kf2 Rb1 59. Rxa5 1-0

[Event "POLFINAL MISTRZOSTW POLSKI JUNIOROW 2019 - C15"]
[Site "Ustron"]
[Date "1899-12-30"]
[Round "6.16"]
[White "Zurawski, Mateusz"]
[Black "Kitewski, Bartosz"]
[Result "1-0"]
[WhiteTitle "II"]
[BlackTitle "I"]
[WhiteElo "1522"]
[BlackElo "1674"]

1. e4 e6 2. d4 d5 3. e5 c5 4. c3 Nc6 5. Nf3 Qb6 6. Bd3 cxd4 7. cxd4 Bd7 8. O-O
Nxd4 9. Nxd4 Qxd4 10. Nc3 a6 11. Qe2 Ne7 12. Kh1 Qb6 13. f4 Nc6 14. b3 Nb4 15.
Na4 Bxa4 16. bxa4 Qd4 17. Bb1 Rc8 18. Bb2 Qb6 19. f5 Nc2 20. Bxc2 Qxb2 21. Rfc1
exf5 22. a5 Ba3 23. Qd3 Qc3 24. Ba4+ 1-0

[Event "POLFINAL MISTRZOSTW POLSKI JUNIOROW 2019 - C15"]
[Site "Ustron"]
[Date "1899-12-30"]
[Round "6.17"]
[White "Kozubek, Krystian"]
[Black "Kukorowski, Wojciech"]
[Result "1/2-1/2"]
[WhiteTitle "II+"]
[BlackTitle "II"]
[WhiteElo "1545"]
[BlackElo "1371"]

1. c4 e5 2. Nc3 Nf6 3. g3 d5 4. cxd5 Nxd5 5. Bg2 Nb6 6. e3 Nc6 7. Nge2 Be7 8. O-O
O-O 9. d4 exd4 10. exd4 Bf6 11. d5 Ne7 12. Bf4 Ng6 13. Be3 Nc4 14. Qb3 Nxe3 15.
fxe3 Qe7 16. e4 Be5 17. Nf4 Qg5 18. Nce2 b6 19. Kh1 Bg4 20. Rae1 h5 21. Nxg6 Qxg6
22. Nf4 Qg5 23. Nd3 Rad8 24. Nxe5 Qxe5 25. Qc3 f6 26. Qxe5 fxe5 27. Rxf8+ Rxf8
28. Kg1 Kf7 29. Kf2 Ke7+ 30. Ke3 Kd6 31. Rc1 Bd7 32. Bf3 g6 33. Be2 c6 34. dxc6
Bxc6 35. Rd1+ Kc7 36. Bc4 Rd8 37. Rxd8 Kxd8 38. Bf7 Be8 39. Bxe8 Kxe8 40. Kd3
Kd7 41. Kc4 Kc6 42. a4 a6 43. Kb4 b5 44. b3 Kb6 45. a5+ Kc6 46. Kc3 Kd6 47. b4
Ke6 48. Kd3 Kf6 49. Ke3 Kg5 50. h3 Kf6 51. h4 g5 52. Kf3 Kg6 53. Ke3 1/2-1/2

[Event "POLFINAL MISTRZOSTW POLSKI JUNIOROW 2019 - C15"]
[Site "Ustron"]
[Date "1899-12-30"]
[Round "6.18"]
[White "Wolny, Dawid"]
[Black "Mocko, Maciej"]
[Result "0-1"]
[WhiteTitle "II"]
[BlackTitle "II"]
[WhiteElo "1343"]
[BlackElo "1459"]

1. e4 c5 2. Nf3 Nc6 3. d4 cxd4 4. Nxd4 Nf6 5. Nc3 e5 6. Ndb5 d6 7. Bg5 a6 8. Na3
b5 9. Nd5 Be7 10. Bxf6 Bxf6 11. Be2 O-O 12. O-O Bg5 13. c4 b4 14. Nc2 a5 15. Nce3
Bxe3 16. fxe3 Ne7 17. Bg4 Nxd5 18. exd5 Qg5 19. Bxc8 Qxe3+ 20. Kh1 Raxc8 21. b3
e4 22. Qg4 Rce8 23. Rae1 Qd4 24. Rf4 Qd2 25. Rfxe4 Qxe1+ 0-1

[Event "POLFINAL MISTRZOSTW POLSKI JUNIOROW 2019 - C15"]
[Site "Ustron"]
[Date "1899-12-30"]
[Round "6.19"]
[White "Kuczmik, Pawel"]
[Black "Sawicki, Wojciech"]
[Result "1/2-1/2"]
[WhiteTitle "II"]
[BlackTitle "II"]
[WhiteElo "1162"]
[BlackElo "1439"]

1. e4 e5 2. Nf3 Nc6 3. Bc4 Nf6 4. Ng5 d5 5. exd5 Na5 6. Bb5+ Bd7 7. Qe2 Bd6 8.
b4 Bxb4 9. Qxe5+ Qe7 10. Qxe7+ Bxe7 11. Bxd7+ Nxd7 12. d3 Bf6 13. c3 Nb6 14. d6
cxd6 15. Ne4 Be7 16. Ba3 Rd8 17. Kd1 O-O 18. Re1 f5 19. Ned2 Rfe8 20. Nb3 Nc6
21. Kc2 Bf8 22. N1d2 a5 23. Nf3 g6 24. Nbd4 Nd5 25. Ne6 Rd7 26. Nxf8 Rxe1 27.
Rxe1 Kxf8 28. Ne5 Nxe5 29. Rxe5 Nb4+ 30. Bxb4 axb4 31. Re2 Rc7 32. c4 b5 33. Kb3
bxc4+ 34. dxc4 Rb7 35. Re6 Rb6 36. c5 Rc6 37. Rxd6 Rxc5 38. Rd2 Rb5 39. Rb2 Ke7
40. Kc4 Rb7 41. Rxb4 Rc7+ 42. Kd3 Ra7 43. a4 Kd6 44. Rc4 Kd5 45. g4 fxg4 46. Rxg4
Ke5 47. a5 Kd6 48. Rg5 Kc6 49. Re5 Kd6 50. Rb5 Kc6 51. Kc4 Rf7 52. Rb2 Rf4+ 53.
Kd3 Rf7 54. Rb6+ Kc5 55. Rb2 Ra7 56. Ra2 Kd5 57. Ke3 Ke5 58. f4+ Kd5 59. Kf3 Ra6
60. Rg2 Ke6 61. Rg5 Kf7 62. Kg4 h6 63. Rb5 Ra7 64. h4 Kg7 65. h5 gxh5+ 66. Kxh5
Kh7 67. f5 Kg7 68. Rc5 Ra6 69. Rb5 Ra7 70. Kg4 Kf7 71. Kh4 Kf6 72. Kg4 Kf7 73.
Re5 Ra6 74. Kh5 Rf6 75. Kg4 Ra6 76. Re6 Rxa5 77. Rxh6 Ra1 78. Rh7+ Kf6 79. Rh6+
Kf7 80. Rh4 Rg1+ 81. Kf4 Rf1+ 82. Ke5 Re1+ 83. Re4 Rb1 84. Re3 Ra1 85. Kf4 Rf1+
86. Rf3 Ra1 87. Kg4 Kf6 88. Rf4 Rg1+ 1/2-1/2

[Event "POLFINAL MISTRZOSTW POLSKI JUNIOROW 2019 - C15"]
[Site "Ustron"]
[Date "1899-12-30"]
[Round "6.20"]
[White "Szafranski, Maciej"]
[Black "Kopestynski, Michal"]
[Result "1-0"]
[WhiteTitle "II+"]
[BlackTitle "II"]
[WhiteElo "1412"]
[BlackElo "1248"]

1. e4 c5 2. Nf3 Nc6 3. d4 cxd4 4. Nxd4 e5 5. Nb5 d6 6. N1c3 a6 7. Na3 b5 8. Nd5
Nge7 9. Be3 Nxd5 10. Qxd5 Qc7 11. Be2 Be6 12. Qd2 Be7 13. O-O O-O 14. c4 b4 15.
Nc2 a5 16. b3 f5 17. exf5 Bxf5 18. Bf3 Rae8 19. Bd5+ Kh8 20. f3 Bf6 21. Rad1 Ne7
22. Ne1 Nc8 23. g3 e4 24. fxe4 Bxe4 25. Bxe4 Rxe4 26. Ng2 Rfe8 27. Rf3 Qc6 28.
Qf2 Qd7 29. Rd5 R4e5 30. Rd2 Ne7 31. Rxf6 gxf6 32. Qxf6+ Kg8 33. Qxe5 1-0

[Event "POLFINAL MISTRZOSTW POLSKI JUNIOROW 2019 - C15"]
[Site "Ustron"]
[Date "1899-12-30"]
[Round "6.22"]
[White "Wleklik, Mateusz"]
[Black "Sloniec, Adrian"]
[Result "0-1"]
[WhiteTitle "II"]
[BlackTitle "II"]
[WhiteElo "1259"]
[BlackElo "1383"]

1. e4 c5 2. Nf3 e6 3. d4 cxd4 4. Nxd4 Nf6 5. Nc3 d6 6. Be2 a6 7. f4 Be7 8. O-O
Nc6 9. Be3 O-O 10. Qe1 Qc7 11. Qg3 b5 12. a3 Bb7 13. Bf3 Na5 14. e5 Ne8 15. Bxb7
Qxb7 16. b3 Nc6 17. Nce2 Kh8 18. Nxc6 Qxc6 19. Nd4 Qc3 20. Rad1 dxe5 21. fxe5
Bxa3 22. Rd3 Qc7 23. Qf4 Qc8 24. Bd2 Bc5 25. Rdf3 Qd7 26. Be3 Rd8 27. Nf5 Bxe3+
28. Nxe3 Nc7 29. Rg3 f5 30. exf6 Rxf6 31. Qe5 Rxf1+ 32. Kxf1 Nd5 33. Nxd5 exd5
34. Rd3 Rf8+ 35. Kg1 Rd8 36. Rd4 Qc6 37. c4 bxc4 38. bxc4 Qb6 39. Kf1 dxc4 40.
Rxc4 Rf8+ 41. Ke2 Qf2+ 0-1

[Event "POLFINAL MISTRZOSTW POLSKI JUNIOROW 2019 - C15"]
[Site "Ustron"]
[Date "1899-12-30"]
[Round "7.1"]
[White "Topola, Rafal"]
[Black "Wasik, Mateusz"]
[Result "1/2-1/2"]
[WhiteTitle "I"]
[BlackTitle "I"]
[WhiteElo "1659"]
[BlackElo "1696"]

1. e4 c5 2. Nf3 Nc6 3. d4 cxd4 4. Nxd4 e6 5. Nc3 Nf6 6. Ndb5 d6 7. Bf4 e5 8. Bg5
a6 9. Na3 Be7 10. Bxf6 Bxf6 11. Nc4 Be7 12. Nd5 Be6 13. c3 b5 14. Nxe7 Kxe7 15.
Ne3 g6 16. Nd5+ Kf8 17. a4 Bxd5 18. Qxd5 Ne7 19. Qd2 Kg7 20. Be2 Qb6 21. O-O Rhd8
22. Rfd1 d5 23. axb5 dxe4 24. Qc2 axb5 25. Rxa8 Rxa8 26. Qxe4 Nc6 27. Bf3 Ra6
28. g3 Qc7 29. Be2 Rb6 30. Rd5 b4 31. Bb5 bxc3 32. bxc3 Qb8 33. c4 Nd4 34. f4
Nxb5 35. Rxb5 Rxb5 36. cxb5 Qxb5 37. fxe5 Qb6+ 38. Kg2 Qb2+ 39. Kg1 Qc1+ 40. Kf2
Qd2+ 41. Qe2 Qd4+ 1/2-1/2